Tanks by garbage photos - Statistics

General Stats
  • This quiz has been taken 207 times
  • The average score is 10 of 16
Answer Stats
Picture Answer % Correct
Panzer 4
86%
KV-2
85%
T-72B3
84%
Panther
83%
M4 Sherman
82%
T-90A
81%
BMP-1
73%
T-80
64%
M60
63%
Leopard 2a4
59%
M109
56%
Stug 3
56%
Bkan 1c
51%
Auf1
43%
Strv 104
39%
T-72A
23%
No matching quizzes found
Score Distribution
Percent of People with Each Score
Percentile by Number Answered
Your Score History
You have not taken this quiz